Statistics for 20 National Capitals Nearest to Kiev, Ukraine

Click here to take the quiz!

General Stats

  • This quiz has been taken 651 times
  • The average score is 16 of 20

Answer Stats

Distance in KM.Answer% Correct
756.59Moscow
99%
434.37Minsk
95%
689.86Warsaw
94%
748.26Bucharest
92%
899.97Budapest
91%
837.27Riga
88%
1,005.59Bratislava
86%
1,022.85Sofia
85%
589.87Vilnius
85%
401.75Chisinau
82%
982.86Belgrade
81%
1,143.22Prague
80%
1,194.54Zagreb
74%
1,054.65Vienna
73%
1,184.82Ankara
69%
1,137.71Helsinki
68%
1,065.3Tallinn
68%
1,171.93Sarajevo
64%
1,171.21Skopje
62%
1,122.74Pristina
54%

Score Distribution

Percentile by Number Answered

Percent of People with Each Score

Your Score History

You have not taken this quiz